Retrato del artista adolescente

में बचाया:
ग्रंथसूची विवरण
मुख्य लेखक: Joyce, James Augustine (लेखक)
स्वरूप: पुस्तक
भाषा:स्पेनिश
प्रकाशित: Barcelona Lumen 1995
संस्करण:5a. ed
श्रृंखला:Palabra en el Tiempo, 120
विषय:
टैग: टैग जोड़ें
कोई टैग नहीं, इस रिकॉर्ड को टैग करने वाले पहले व्यक्ति बनें!

MARC

LEADER 00000nam a2200000 a 4500
001 UCR9181
003 CL-VaPUC
008 980613e19950000SP |||||||||||||||||spa|d
082 0 4 |a 823  |b JOY  |2 21 
100 |a Joyce, James Augustine  |e author  |9 498658 
245 1 0 |a Retrato del artista adolescente 
250 |a 5a. ed 
300 |a 303 p 
942 |c BK 
945 |d 19980613 00:00:00  |a mvenant 
260 |a Barcelona  |b Lumen  |c 1995 
650 0 |a Novelas irlandesas  |9 266298 
583 |a last modification  |c 19980613 00:00:00  |k Rodrigo Vera 
490 0 |a Palabra en el Tiempo, 120 
999 |c 270384  |d 270382 
952 |0 0  |1 0  |4 0  |6 823_000000000000000_JOY_1995  |7 0  |8 A  |9 304657  |a BIBART  |b BIBART  |d 2019-11-20  |i 3432890  |o 823 JOY 1995  |p 3432890  |r 2025-03-13  |w 2019-11-20  |y BK  |k ART